Т. 1; Словарь русских старожильческих говоров средней части бассейна р. Оби

Podrobná bibliografie
Parent link:Словарь русских старожильческих говоров средней части бассейна р. Оби/ В. В. Палагина [и др.]; Томский государственный университет (ТГУ). Т. 1.— , 1964-1967
Jazyk:ruština
Vydáno: 1964
Témata:
Médium: Kniha
KOHA link:https://koha.lib.tpu.ru/cgi-bin/koha/opac-detail.pl?biblionumber=186756

MARC

LEADER 00000nam2a2200000 4500
001 186756
005 20231101224018.0
035 |a (RuTPU)RU\TPU\book\202619 
090 |a 186756 
100 |a 20101102d1964 k y0rusy50 ca 
101 0 |a rus 
102 |a RU 
105 |a y e 000zy 
200 0 |a Т. 1 
210 |d 1964 
215 |a 144 с. 
461 1 |0 (RuTPU)RU\TPU\book\199749  |t Словарь русских старожильческих говоров средней части бассейна р. Оби  |f В. В. Палагина [и др.]  |g Томский государственный университет (ТГУ)  |v Т. 1  |d 1964-1967 
606 1 |a Славянские языки  |x Диалекты  |x Фонология сопостовительная  |2 stltpush  |3 (RuTPU)RU\TPU\subj\55084  |9 73155 
610 1 |a русский язык 
610 1 |a лексика 
610 1 |a диалектология 
610 1 |a словари 
610 1 |a Обь 
610 1 |a говоры 
610 1 |a говорение 
610 1 |a орфография 
686 |a Ш141  |2 rubbk 
801 1 |a RU  |b 63413507  |c 20101102 
801 2 |a RU  |b 63413507  |c 20190329  |g RCR 
942 |c BK